000 00266 a2200109 4500
090 _c1708
_d1708
100 _aArnold J. Toynbee
245 _aA Study of History
250 _aVolumes i-vi
260 _aNational Book Foundation Islamabad
942 _aNBS
_cBK
_k909 TOY
999 _c344223
_d344223